<?xml version="1.0" encoding="UTF-8"?>
<collection xmlns="http://www.loc.gov/MARC21/slim">
 <record>
  <leader>09546nas a22010451  4500</leader>
  <controlfield tag="001">1/50208</controlfield>
  <controlfield tag="008">011206c19639999ohubr1p       0   a0eng d</controlfield>
  <datafield tag="022" ind1=" " ind2=" ">
   <subfield code="a">0001-4273</subfield>
  </datafield>
  <datafield tag="035" ind1=" " ind2=" ">
   <subfield code="l">23304</subfield>
  </datafield>
  <datafield tag="090" ind1=" " ind2=" ">
   <subfield code="a">Αλφαβητική σειρά</subfield>
  </datafield>
  <datafield tag="245" ind1="0" ind2="0">
   <subfield code="a">Academy of management journal.</subfield>
  </datafield>
  <datafield tag="260" ind1=" " ind2=" ">
   <subfield code="a">Ada, Ohio :</subfield>
   <subfield code="b">Academy of Management,</subfield>
   <subfield code="c">1963-</subfield>
  </datafield>
  <datafield tag="300" ind1=" " ind2=" ">
   <subfield code="a">v. ;</subfield>
   <subfield code="c">28 cm.</subfield>
  </datafield>
  <datafield tag="310" ind1=" " ind2=" ">
   <subfield code="a">Biomonthly.</subfield>
  </datafield>
  <datafield tag="362" ind1="0" ind2=" ">
   <subfield code="a">Vol.42, no.1(Feb. 1999)-v.42, no.6(Dec. 1999)</subfield>
  </datafield>
  <datafield tag="546" ind1=" " ind2=" ">
   <subfield code="a">English.</subfield>
  </datafield>
  <datafield tag="650" ind1=" " ind2="4">
   <subfield code="a">Industrial management</subfield>
   <subfield code="v">Periodicals.</subfield>
  </datafield>
  <datafield tag="650" ind1=" " ind2="4">
   <subfield code="a">Business and economics.</subfield>
  </datafield>
  <datafield tag="710" ind1="2" ind2=" ">
   <subfield code="a">Academy of Management.</subfield>
  </datafield>
  <datafield tag="852" ind1=" " ind2=" ">
   <subfield code="a">INST</subfield>
   <subfield code="b">UNIPILB</subfield>
   <subfield code="c">SERIALS</subfield>
   <subfield code="e">20060120</subfield>
   <subfield code="h">Αλφαβητική σειρά</subfield>
   <subfield code="p">49687</subfield>
   <subfield code="q">49687</subfield>
   <subfield code="t">NOLOAN</subfield>
   <subfield code="v">vol.48;no.1:(Μήνας)February;(Έτος)2005</subfield>
   <subfield code="y">23</subfield>
  </datafield>
  <datafield tag="852" ind1=" " ind2=" ">
   <subfield code="a">INST</subfield>
   <subfield code="b">UNIPILB</subfield>
   <subfield code="c">SERIALS</subfield>
   <subfield code="e">20060120</subfield>
   <subfield code="h">Αλφαβητική σειρά</subfield>
   <subfield code="p">49688</subfield>
   <subfield code="q">49688</subfield>
   <subfield code="t">NOLOAN</subfield>
   <subfield code="v">vol.48;no.2:(Μήνας)April;(Έτος)2005</subfield>
   <subfield code="y">23</subfield>
  </datafield>
  <datafield tag="852" ind1=" " ind2=" ">
   <subfield code="a">INST</subfield>
   <subfield code="b">UNIPILB</subfield>
   <subfield code="c">SERIALS</subfield>
   <subfield code="e">20060120</subfield>
   <subfield code="h">Αλφαβητική σειρά</subfield>
   <subfield code="p">49689</subfield>
   <subfield code="q">49689</subfield>
   <subfield code="t">NOLOAN</subfield>
   <subfield code="v">vol.48;no.3:(Μήνας)June;(Έτος)2005</subfield>
   <subfield code="y">23</subfield>
  </datafield>
  <datafield tag="852" ind1=" " ind2=" ">
   <subfield code="a">INST</subfield>
   <subfield code="b">UNIPILB</subfield>
   <subfield code="c">SERIALS</subfield>
   <subfield code="e">20060120</subfield>
   <subfield code="h">Αλφαβητική σειρά</subfield>
   <subfield code="p">49690</subfield>
   <subfield code="q">49690</subfield>
   <subfield code="t">NOLOAN</subfield>
   <subfield code="v">vol.48;no.4:(Μήνας)August;(Έτος)2005</subfield>
   <subfield code="y">23</subfield>
  </datafield>
  <datafield tag="852" ind1=" " ind2=" ">
   <subfield code="a">INST</subfield>
   <subfield code="b">UNIPILB</subfield>
   <subfield code="c">SERIALS</subfield>
   <subfield code="e">20060120</subfield>
   <subfield code="h">Αλφαβητική σειρά</subfield>
   <subfield code="p">49691</subfield>
   <subfield code="q">49691</subfield>
   <subfield code="t">NOLOAN</subfield>
   <subfield code="v">vol.48;no.5:(Μήνας)October;(Έτος)2005</subfield>
   <subfield code="y">23</subfield>
  </datafield>
  <datafield tag="852" ind1=" " ind2=" ">
   <subfield code="a">INST</subfield>
   <subfield code="b">UNIPILB</subfield>
   <subfield code="c">SERIALS</subfield>
   <subfield code="e">20060316</subfield>
   <subfield code="h">Αλφαβητική σειρά</subfield>
   <subfield code="p">50830</subfield>
   <subfield code="q">50830</subfield>
   <subfield code="t">NOLOAN</subfield>
   <subfield code="v">vol.48;no.6:(Μήνας)December;(Έτος)2005</subfield>
   <subfield code="y">23</subfield>
  </datafield>
  <datafield tag="852" ind1=" " ind2=" ">
   <subfield code="a">INST</subfield>
   <subfield code="b">UNIPILB</subfield>
   <subfield code="c">SERIALS</subfield>
   <subfield code="e">20060522</subfield>
   <subfield code="h">Αλφαβητική σειρά</subfield>
   <subfield code="p">51642</subfield>
   <subfield code="q">51642</subfield>
   <subfield code="t">NOLOAN</subfield>
   <subfield code="v">vol.49;no.1:(Μήνας)February;(Έτος)2006</subfield>
   <subfield code="y">23</subfield>
  </datafield>
  <datafield tag="852" ind1=" " ind2=" ">
   <subfield code="a">INST</subfield>
   <subfield code="b">UNIPILB</subfield>
   <subfield code="c">SERIALS</subfield>
   <subfield code="e">20060706</subfield>
   <subfield code="h">Αλφαβητική σειρά</subfield>
   <subfield code="p">51859</subfield>
   <subfield code="q">51859</subfield>
   <subfield code="t">NOLOAN</subfield>
   <subfield code="v">vol.49;no.3:(Μήνας)June;(Έτος)2006</subfield>
   <subfield code="y">23</subfield>
  </datafield>
  <datafield tag="852" ind1=" " ind2=" ">
   <subfield code="a">INST</subfield>
   <subfield code="b">UNIPILB</subfield>
   <subfield code="c">SERIALS</subfield>
   <subfield code="e">20060803</subfield>
   <subfield code="h">Αλφαβητική σειρά</subfield>
   <subfield code="p">52255</subfield>
   <subfield code="q">52255</subfield>
   <subfield code="t">NOLOAN</subfield>
   <subfield code="v">vol.49;no.2:(Μήνας)April;(Έτος)2006</subfield>
   <subfield code="y">23</subfield>
  </datafield>
  <datafield tag="852" ind1=" " ind2=" ">
   <subfield code="a">INST</subfield>
   <subfield code="b">UNIPILB</subfield>
   <subfield code="c">SERIALS</subfield>
   <subfield code="e">20061003</subfield>
   <subfield code="h">Αλφαβητική σειρά</subfield>
   <subfield code="p">52984</subfield>
   <subfield code="q">52984</subfield>
   <subfield code="t">NOLOAN</subfield>
   <subfield code="v">vol.49;no.4:(Μήνας)August;(Έτος)2006</subfield>
   <subfield code="y">23</subfield>
  </datafield>
  <datafield tag="852" ind1=" " ind2=" ">
   <subfield code="a">INST</subfield>
   <subfield code="b">UNIPILB</subfield>
   <subfield code="c">SERIALS</subfield>
   <subfield code="e">20070116</subfield>
   <subfield code="h">Αλφαβητική σειρά</subfield>
   <subfield code="p">54060</subfield>
   <subfield code="q">54060</subfield>
   <subfield code="t">NOLOAN</subfield>
   <subfield code="v">vol.49;no.5:(Μήνας)October;(Έτος)2006</subfield>
   <subfield code="y">23</subfield>
  </datafield>
  <datafield tag="852" ind1=" " ind2=" ">
   <subfield code="a">INST</subfield>
   <subfield code="b">UNIPILB</subfield>
   <subfield code="c">SERIALS</subfield>
   <subfield code="e">20070425</subfield>
   <subfield code="h">Αλφαβητική σειρά</subfield>
   <subfield code="p">55437</subfield>
   <subfield code="q">55437</subfield>
   <subfield code="t">NOLOAN</subfield>
   <subfield code="v">vol.49;no.6:(Μήνας)December;(Έτος)2006</subfield>
   <subfield code="y">23</subfield>
  </datafield>
  <datafield tag="852" ind1=" " ind2=" ">
   <subfield code="a">INST</subfield>
   <subfield code="b">UNIPILB</subfield>
   <subfield code="c">SERIALS</subfield>
   <subfield code="e">20070913</subfield>
   <subfield code="h">Αλφαβητική σειρά</subfield>
   <subfield code="p">57085</subfield>
   <subfield code="q">57085</subfield>
   <subfield code="t">NOLOAN</subfield>
   <subfield code="v">vol.50;no.3:(Μήνας)June;(Έτος)2007</subfield>
   <subfield code="y">23</subfield>
  </datafield>
  <datafield tag="852" ind1=" " ind2=" ">
   <subfield code="a">INST</subfield>
   <subfield code="b">UNIPILB</subfield>
   <subfield code="c">SERIALS</subfield>
   <subfield code="e">20070917</subfield>
   <subfield code="h">Αλφαβητική σειρά</subfield>
   <subfield code="p">57244</subfield>
   <subfield code="q">57244</subfield>
   <subfield code="t">NOLOAN</subfield>
   <subfield code="v">vol.50;no.1:(Μήνας)February;(Έτος)2007</subfield>
   <subfield code="y">23</subfield>
  </datafield>
  <datafield tag="852" ind1=" " ind2=" ">
   <subfield code="a">INST</subfield>
   <subfield code="b">UNIPILB</subfield>
   <subfield code="c">SERIALS</subfield>
   <subfield code="e">20070917</subfield>
   <subfield code="h">Αλφαβητική σειρά</subfield>
   <subfield code="p">57245</subfield>
   <subfield code="q">57245</subfield>
   <subfield code="t">NOLOAN</subfield>
   <subfield code="v">vol.50;no.2:(Μήνας)April;(Έτος)2007</subfield>
   <subfield code="y">23</subfield>
  </datafield>
  <datafield tag="852" ind1=" " ind2=" ">
   <subfield code="a">INST</subfield>
   <subfield code="b">UNIPILB</subfield>
   <subfield code="c">SERIALS</subfield>
   <subfield code="e">20070919</subfield>
   <subfield code="h">Αλφαβητική σειρά</subfield>
   <subfield code="p">57379</subfield>
   <subfield code="q">57379</subfield>
   <subfield code="t">NOLOAN</subfield>
   <subfield code="v">vol.50;no.4:(Μήνας)August;(Έτος)2007</subfield>
   <subfield code="y">23</subfield>
  </datafield>
  <datafield tag="852" ind1=" " ind2=" ">
   <subfield code="a">INST</subfield>
   <subfield code="b">UNIPILB</subfield>
   <subfield code="c">SERIALS</subfield>
   <subfield code="e">20080108</subfield>
   <subfield code="h">Αλφαβητική σειρά</subfield>
   <subfield code="p">59282</subfield>
   <subfield code="q">59282</subfield>
   <subfield code="t">NOLOAN</subfield>
   <subfield code="v">vol.50;no.5:(Μήνας)October;(Έτος)2007</subfield>
   <subfield code="y">23</subfield>
  </datafield>
  <datafield tag="852" ind1=" " ind2=" ">
   <subfield code="a">INST</subfield>
   <subfield code="b">UNIPILB</subfield>
   <subfield code="c">SERIALS</subfield>
   <subfield code="e">20080228</subfield>
   <subfield code="h">Αλφαβητική σειρά</subfield>
   <subfield code="p">59933</subfield>
   <subfield code="q">59933</subfield>
   <subfield code="t">NOLOAN</subfield>
   <subfield code="v">vol.50;no.6:(Μήνας)December;(Έτος)2007</subfield>
   <subfield code="y">23</subfield>
  </datafield>
  <datafield tag="852" ind1=" " ind2=" ">
   <subfield code="a">INST</subfield>
   <subfield code="b">UNIPILB</subfield>
   <subfield code="c">SERIALS</subfield>
   <subfield code="e">20091106</subfield>
   <subfield code="h">Αλφαβητική σειρά</subfield>
   <subfield code="p">65270</subfield>
   <subfield code="q">65270</subfield>
   <subfield code="t">NOLOAN</subfield>
   <subfield code="v">vol.52;no.1:(Μήνας)February;(Έτος)2009</subfield>
   <subfield code="y">23</subfield>
  </datafield>
  <datafield tag="852" ind1=" " ind2=" ">
   <subfield code="a">INST</subfield>
   <subfield code="b">UNIPILB</subfield>
   <subfield code="c">SERIALS</subfield>
   <subfield code="e">20091126</subfield>
   <subfield code="h">Αλφαβητική σειρά</subfield>
   <subfield code="p">65483</subfield>
   <subfield code="q">65483</subfield>
   <subfield code="t">NOLOAN</subfield>
   <subfield code="v">vol.52;no.2:(Μήνας)April;(Έτος)2009</subfield>
   <subfield code="y">23</subfield>
  </datafield>
  <datafield tag="852" ind1=" " ind2=" ">
   <subfield code="a">INST</subfield>
   <subfield code="b">UNIPILB</subfield>
   <subfield code="c">SERIALS</subfield>
   <subfield code="e">20091126</subfield>
   <subfield code="h">Αλφαβητική σειρά</subfield>
   <subfield code="p">65484</subfield>
   <subfield code="q">65484</subfield>
   <subfield code="t">NOLOAN</subfield>
   <subfield code="v">vol.52;no.3:(Μήνας)June;(Έτος)2009</subfield>
   <subfield code="y">23</subfield>
  </datafield>
  <datafield tag="852" ind1=" " ind2=" ">
   <subfield code="a">INST</subfield>
   <subfield code="b">UNIPILB</subfield>
   <subfield code="c">SERIALS</subfield>
   <subfield code="e">20100310</subfield>
   <subfield code="h">Αλφαβητική σειρά</subfield>
   <subfield code="p">67361</subfield>
   <subfield code="q">67361</subfield>
   <subfield code="t">NOLOAN</subfield>
   <subfield code="v">vol.52;no.6:(Μήνας)December;(Έτος)2009</subfield>
   <subfield code="y">23</subfield>
  </datafield>
  <datafield tag="852" ind1=" " ind2=" ">
   <subfield code="a">INST</subfield>
   <subfield code="b">UNIPILB</subfield>
   <subfield code="c">SERIALS</subfield>
   <subfield code="e">20101004</subfield>
   <subfield code="h">Αλφαβητική σειρά</subfield>
   <subfield code="p">70004</subfield>
   <subfield code="q">70004</subfield>
   <subfield code="t">NOLOAN</subfield>
   <subfield code="v">vol.53;no.1:(Μήνας)February;(Έτος)2010</subfield>
   <subfield code="y">23</subfield>
  </datafield>
  <datafield tag="852" ind1=" " ind2=" ">
   <subfield code="a">INST</subfield>
   <subfield code="b">UNIPILB</subfield>
   <subfield code="c">SERIALS</subfield>
   <subfield code="e">20101004</subfield>
   <subfield code="h">Αλφαβητική σειρά</subfield>
   <subfield code="p">70005</subfield>
   <subfield code="q">70005</subfield>
   <subfield code="t">NOLOAN</subfield>
   <subfield code="v">vol.53;no.3:(Μήνας)June;(Έτος)2010</subfield>
   <subfield code="y">23</subfield>
  </datafield>
  <datafield tag="852" ind1=" " ind2=" ">
   <subfield code="a">INST</subfield>
   <subfield code="b">UNIPILB</subfield>
   <subfield code="c">SERIALS</subfield>
   <subfield code="e">20101005</subfield>
   <subfield code="h">Αλφαβητική σειρά</subfield>
   <subfield code="p">70037</subfield>
   <subfield code="q">70037</subfield>
   <subfield code="t">NOLOAN</subfield>
   <subfield code="v">vol.53;no.2:(Μήνας)April;(Έτος)2010</subfield>
   <subfield code="y">23</subfield>
  </datafield>
  <datafield tag="852" ind1=" " ind2=" ">
   <subfield code="a">INST</subfield>
   <subfield code="b">UNIPILB</subfield>
   <subfield code="c">SERIALS</subfield>
   <subfield code="e">20101018</subfield>
   <subfield code="h">Αλφαβητική σειρά</subfield>
   <subfield code="p">70199</subfield>
   <subfield code="q">70199</subfield>
   <subfield code="t">NOLOAN</subfield>
   <subfield code="v">vol.53;no.4:(Μήνας)August;(Έτος)2010</subfield>
   <subfield code="y">23</subfield>
  </datafield>
  <datafield tag="852" ind1=" " ind2=" ">
   <subfield code="a">INST</subfield>
   <subfield code="b">UNIPILB</subfield>
   <subfield code="c">SERIALS</subfield>
   <subfield code="e">20110331</subfield>
   <subfield code="h">Αλφαβητική σειρά</subfield>
   <subfield code="p">71519</subfield>
   <subfield code="q">71519</subfield>
   <subfield code="t">NOLOAN</subfield>
   <subfield code="v">vol.53;no.5:(Μήνας)October;(Έτος)2010</subfield>
   <subfield code="y">23</subfield>
  </datafield>
  <datafield tag="852" ind1=" " ind2=" ">
   <subfield code="a">INST</subfield>
   <subfield code="b">UNIPILB</subfield>
   <subfield code="c">SERIALS</subfield>
   <subfield code="e">20110331</subfield>
   <subfield code="h">Αλφαβητική σειρά</subfield>
   <subfield code="p">71520</subfield>
   <subfield code="q">71520</subfield>
   <subfield code="t">NOLOAN</subfield>
   <subfield code="v">vol.53;no.6:(Μήνας)December;(Έτος)2010</subfield>
   <subfield code="y">23</subfield>
  </datafield>
  <datafield tag="852" ind1=" " ind2=" ">
   <subfield code="a">INST</subfield>
   <subfield code="b">UNIPILB</subfield>
   <subfield code="c">SERIALS</subfield>
   <subfield code="e">20110714</subfield>
   <subfield code="h">Αλφαβητική σειρά</subfield>
   <subfield code="p">72258</subfield>
   <subfield code="q">72258</subfield>
   <subfield code="t">NOLOAN</subfield>
   <subfield code="v">vol.54;no.1:(Μήνας)February;(Έτος)2011</subfield>
   <subfield code="y">23</subfield>
  </datafield>
  <datafield tag="852" ind1=" " ind2=" ">
   <subfield code="a">INST</subfield>
   <subfield code="b">UNIPILB</subfield>
   <subfield code="c">SERIALS</subfield>
   <subfield code="e">20110714</subfield>
   <subfield code="h">Αλφαβητική σειρά</subfield>
   <subfield code="p">72261</subfield>
   <subfield code="q">72261</subfield>
   <subfield code="t">NOLOAN</subfield>
   <subfield code="v">vol.54;no.2:(Μήνας)April;(Έτος)2011</subfield>
   <subfield code="y">23</subfield>
  </datafield>
  <datafield tag="852" ind1=" " ind2=" ">
   <subfield code="a">INST</subfield>
   <subfield code="b">UNIPILB</subfield>
   <subfield code="c">SERIALS</subfield>
   <subfield code="e">20120116</subfield>
   <subfield code="h">Αλφαβητική σειρά</subfield>
   <subfield code="p">73931</subfield>
   <subfield code="q">73931</subfield>
   <subfield code="t">NOLOAN</subfield>
   <subfield code="v">vol.54;no.5:(Μήνας)October;(Έτος)2011</subfield>
   <subfield code="y">23</subfield>
  </datafield>
  <datafield tag="852" ind1=" " ind2=" ">
   <subfield code="a">INST</subfield>
   <subfield code="b">UNIPILB</subfield>
   <subfield code="c">SERIALS</subfield>
   <subfield code="e">20120409</subfield>
   <subfield code="h">Αλφαβητική σειρά</subfield>
   <subfield code="p">75149</subfield>
   <subfield code="q">75149</subfield>
   <subfield code="t">NOLOAN</subfield>
   <subfield code="v">vol.54;no.6:(Μήνας)December;(Έτος)2011</subfield>
   <subfield code="y">23</subfield>
  </datafield>
  <datafield tag="852" ind1=" " ind2=" ">
   <subfield code="a">INST</subfield>
   <subfield code="b">UNIPILB</subfield>
   <subfield code="c">SERIALS</subfield>
   <subfield code="e">20120511</subfield>
   <subfield code="h">Αλφαβητική σειρά</subfield>
   <subfield code="p">75396</subfield>
   <subfield code="q">75396</subfield>
   <subfield code="t">NOLOAN</subfield>
   <subfield code="v">vol.55;no.1:(Μήνας)February;(Έτος)2012</subfield>
   <subfield code="y">23</subfield>
  </datafield>
  <datafield tag="852" ind1=" " ind2=" ">
   <subfield code="a">INST</subfield>
   <subfield code="b">UNIPILB</subfield>
   <subfield code="c">SERIALS</subfield>
   <subfield code="e">20120524</subfield>
   <subfield code="h">Αλφαβητική σειρά</subfield>
   <subfield code="p">75553</subfield>
   <subfield code="q">75553</subfield>
   <subfield code="t">NOLOAN</subfield>
   <subfield code="v">vol.54;no.3:(Μήνας)June;(Έτος)2011</subfield>
   <subfield code="y">23</subfield>
  </datafield>
  <datafield tag="852" ind1=" " ind2=" ">
   <subfield code="a">INST</subfield>
   <subfield code="b">UNIPILB</subfield>
   <subfield code="c">SERIALS</subfield>
   <subfield code="e">20120524</subfield>
   <subfield code="h">Αλφαβητική σειρά</subfield>
   <subfield code="p">75554</subfield>
   <subfield code="q">75554</subfield>
   <subfield code="t">NOLOAN</subfield>
   <subfield code="v">vol.54;no.4:(Μήνας)August;(Έτος)2011</subfield>
   <subfield code="y">23</subfield>
  </datafield>
  <datafield tag="852" ind1=" " ind2=" ">
   <subfield code="a">INST</subfield>
   <subfield code="b">UNIPILB</subfield>
   <subfield code="c">SERIALS</subfield>
   <subfield code="e">20120524</subfield>
   <subfield code="h">Αλφαβητική σειρά</subfield>
   <subfield code="p">75555</subfield>
   <subfield code="q">75555</subfield>
   <subfield code="t">NOLOAN</subfield>
   <subfield code="v">vol.55;no.2:(Μήνας)April;(Έτος)2012</subfield>
   <subfield code="y">23</subfield>
  </datafield>
  <datafield tag="852" ind1=" " ind2=" ">
   <subfield code="a">INST</subfield>
   <subfield code="b">UNIPILB</subfield>
   <subfield code="c">SERIALS</subfield>
   <subfield code="e">20120720</subfield>
   <subfield code="h">Αλφαβητική σειρά</subfield>
   <subfield code="p">76115</subfield>
   <subfield code="q">76115</subfield>
   <subfield code="t">NOLOAN</subfield>
   <subfield code="v">vol.55;no.3:(Μήνας)June;(Έτος)2012</subfield>
   <subfield code="y">23</subfield>
  </datafield>
  <datafield tag="852" ind1=" " ind2=" ">
   <subfield code="a">INST</subfield>
   <subfield code="b">UNIPILB</subfield>
   <subfield code="c">SERIALS</subfield>
   <subfield code="e">20120831</subfield>
   <subfield code="h">Αλφαβητική σειρά</subfield>
   <subfield code="p">76339</subfield>
   <subfield code="q">76339</subfield>
   <subfield code="t">NOLOAN</subfield>
   <subfield code="v">vol.55;no.4:(Μήνας)August;(Έτος)2012</subfield>
   <subfield code="y">23</subfield>
  </datafield>
  <datafield tag="852" ind1=" " ind2=" ">
   <subfield code="a">INST</subfield>
   <subfield code="b">UNIPILB</subfield>
   <subfield code="c">SERIALS</subfield>
   <subfield code="e">20121109</subfield>
   <subfield code="h">Αλφαβητική σειρά</subfield>
   <subfield code="p">77078</subfield>
   <subfield code="q">77078</subfield>
   <subfield code="t">NOLOAN</subfield>
   <subfield code="v">vol.55;no.5:(Μήνας)October;(Έτος)2012</subfield>
   <subfield code="y">23</subfield>
  </datafield>
  <datafield tag="852" ind1=" " ind2=" ">
   <subfield code="a">INST</subfield>
   <subfield code="b">UNIPILB</subfield>
   <subfield code="c">SERIALS</subfield>
   <subfield code="e">20130314</subfield>
   <subfield code="h">Αλφαβητική σειρά</subfield>
   <subfield code="p">78453</subfield>
   <subfield code="q">78453</subfield>
   <subfield code="t">NOLOAN</subfield>
   <subfield code="v">vol.55;no.6:(Μήνας)December;(Έτος)2012</subfield>
   <subfield code="y">23</subfield>
  </datafield>
  <datafield tag="852" ind1=" " ind2=" ">
   <subfield code="a">INST</subfield>
   <subfield code="b">UNIPILB</subfield>
   <subfield code="c">SERIALS</subfield>
   <subfield code="e">20131122</subfield>
   <subfield code="h">Αλφαβητική σειρά</subfield>
   <subfield code="p">81436</subfield>
   <subfield code="q">81436</subfield>
   <subfield code="t">NOLOAN</subfield>
   <subfield code="v">vol.56;no.1:(Μήνας)February;(Έτος)2013</subfield>
   <subfield code="y">23</subfield>
  </datafield>
  <datafield tag="852" ind1=" " ind2=" ">
   <subfield code="a">INST</subfield>
   <subfield code="b">UNIPILB</subfield>
   <subfield code="c">SERIALS</subfield>
   <subfield code="e">20131205</subfield>
   <subfield code="h">Αλφαβητική σειρά</subfield>
   <subfield code="p">81606</subfield>
   <subfield code="q">81606</subfield>
   <subfield code="t">NOLOAN</subfield>
   <subfield code="v">vol.56;no.2:(Μήνας)April;(Έτος)2013</subfield>
   <subfield code="y">23</subfield>
  </datafield>
  <datafield tag="852" ind1=" " ind2=" ">
   <subfield code="a">INST</subfield>
   <subfield code="b">UNIPILB</subfield>
   <subfield code="c">SERIALS</subfield>
   <subfield code="e">20131205</subfield>
   <subfield code="h">Αλφαβητική σειρά</subfield>
   <subfield code="p">81607</subfield>
   <subfield code="q">81607</subfield>
   <subfield code="t">NOLOAN</subfield>
   <subfield code="v">vol.56;no.4:(Μήνας)August;(Έτος)2013</subfield>
   <subfield code="y">23</subfield>
  </datafield>
  <datafield tag="852" ind1=" " ind2=" ">
   <subfield code="a">INST</subfield>
   <subfield code="b">UNIPILB</subfield>
   <subfield code="c">SERIALS</subfield>
   <subfield code="e">20140127</subfield>
   <subfield code="h">Αλφαβητική σειρά</subfield>
   <subfield code="p">81918</subfield>
   <subfield code="q">81918</subfield>
   <subfield code="t">NOLOAN</subfield>
   <subfield code="v">vol.56;no.6:(Μήνας)December;(Έτος)2013</subfield>
   <subfield code="y">23</subfield>
  </datafield>
  <datafield tag="852" ind1=" " ind2=" ">
   <subfield code="a">INST</subfield>
   <subfield code="b">UNIPILB</subfield>
   <subfield code="c">SERIALS</subfield>
   <subfield code="e">20140331</subfield>
   <subfield code="h">Αλφαβητική σειρά</subfield>
   <subfield code="p">82646</subfield>
   <subfield code="q">82646</subfield>
   <subfield code="t">NOLOAN</subfield>
   <subfield code="v">vol.56;no.5:(Μήνας)October;(Έτος)2013</subfield>
   <subfield code="y">23</subfield>
  </datafield>
  <datafield tag="852" ind1=" " ind2=" ">
   <subfield code="a">INST</subfield>
   <subfield code="b">UNIPILB</subfield>
   <subfield code="c">SERIALS</subfield>
   <subfield code="e">20140523</subfield>
   <subfield code="h">Αλφαβητική σειρά</subfield>
   <subfield code="p">83216</subfield>
   <subfield code="q">83216</subfield>
   <subfield code="t">NOLOAN</subfield>
   <subfield code="v">vol.56;no.3:(Μήνας)June;(Έτος)2013</subfield>
   <subfield code="y">23</subfield>
  </datafield>
  <datafield tag="856" ind1="4" ind2="1">
   <subfield code="u">http://www.jstor.org/action/showPublication?journalCode=acadmanaj</subfield>
  </datafield>
  <datafield tag="900" ind1=" " ind2=" ">
   <subfield code="a">Vol. 57 no. 1 (February 2014)</subfield>
   <subfield code="b">Οφειλόμενο</subfield>
   <subfield code="c">13/06/2017</subfield>
  </datafield>
  <datafield tag="900" ind1=" " ind2=" ">
   <subfield code="a">Vol. 51 no. 1 (February 2008)</subfield>
   <subfield code="b">Οφειλόμενο</subfield>
   <subfield code="c">04/07/2008</subfield>
  </datafield>
  <datafield tag="900" ind1=" " ind2=" ">
   <subfield code="a">Vol. 51 no. 2 (April 2008)</subfield>
   <subfield code="b">Οφειλόμενο</subfield>
   <subfield code="c">05/11/2009</subfield>
  </datafield>
  <datafield tag="900" ind1=" " ind2=" ">
   <subfield code="a">Vol. 51 no. 3 (June 2008)</subfield>
   <subfield code="b">Οφειλόμενο</subfield>
   <subfield code="c">05/11/2009</subfield>
  </datafield>
  <datafield tag="900" ind1=" " ind2=" ">
   <subfield code="a">Vol. 51 no. 4 (August 2008)</subfield>
   <subfield code="b">Οφειλόμενο</subfield>
   <subfield code="c">05/11/2009</subfield>
  </datafield>
  <datafield tag="900" ind1=" " ind2=" ">
   <subfield code="a">Vol. 51 no. 5 (October 2008)</subfield>
   <subfield code="b">Οφειλόμενο</subfield>
   <subfield code="c">05/11/2009</subfield>
  </datafield>
  <datafield tag="900" ind1=" " ind2=" ">
   <subfield code="a">Vol. 51 no. 6 (December 2008)</subfield>
   <subfield code="b">Οφειλόμενο</subfield>
   <subfield code="c">05/11/2009</subfield>
  </datafield>
  <datafield tag="900" ind1=" " ind2=" ">
   <subfield code="a">Vol. 52 no. 4 (August 2009)</subfield>
   <subfield code="b">Οφειλόμενο</subfield>
   <subfield code="c">07/01/2010</subfield>
  </datafield>
  <datafield tag="900" ind1=" " ind2=" ">
   <subfield code="a">Vol. 52 no. 5 (October 2009)</subfield>
   <subfield code="b">Οφειλόμενο</subfield>
   <subfield code="c">15/03/2010</subfield>
  </datafield>
  <datafield tag="950" ind1=" " ind2=" ">
   <subfield code="a">01/02/2005</subfield>
   <subfield code="c">ΑΡΧΕΙΟ ΠΕΡΙΟΔΙΚΩΝ</subfield>
   <subfield code="d">186</subfield>
  </datafield>
  <datafield tag="951" ind1=" " ind2=" ">
   <subfield code="a">Vol. 56 no. 1 (February 2013) - Vol. 56 no. 6 (December 2013)</subfield>
   <subfield code="b">Main run</subfield>
  </datafield>
  <datafield tag="951" ind1=" " ind2=" ">
   <subfield code="a">Vol. 35 no. 1 (March 1992)</subfield>
   <subfield code="b">Main run</subfield>
  </datafield>
  <datafield tag="951" ind1=" " ind2=" ">
   <subfield code="a">Vol. 35 no. 3 (August 1992)</subfield>
   <subfield code="b">Main run</subfield>
  </datafield>
  <datafield tag="951" ind1=" " ind2=" ">
   <subfield code="a">Vol. 36 no. 3 (June 1993)</subfield>
   <subfield code="b">Main run</subfield>
  </datafield>
  <datafield tag="951" ind1=" " ind2=" ">
   <subfield code="a">Vol. 37 no. 3 (June 1994)</subfield>
   <subfield code="b">Main run</subfield>
  </datafield>
  <datafield tag="951" ind1=" " ind2=" ">
   <subfield code="a">Vol. 37 no. 4 (August 1994)</subfield>
   <subfield code="b">Main run</subfield>
  </datafield>
  <datafield tag="951" ind1=" " ind2=" ">
   <subfield code="a">Vol. 37 no. 6 (Dec. 1994)</subfield>
   <subfield code="b">Main run</subfield>
  </datafield>
  <datafield tag="951" ind1=" " ind2=" ">
   <subfield code="a">Vol. 38 no. 5 (Oct. 1995)</subfield>
   <subfield code="b">Main run</subfield>
  </datafield>
  <datafield tag="951" ind1=" " ind2=" ">
   <subfield code="a">Vol.42, no.1(Feb. 1999)-v.42, no.6(Dec. 1999)</subfield>
   <subfield code="b">Main run</subfield>
  </datafield>
  <datafield tag="951" ind1=" " ind2=" ">
   <subfield code="a">Vol. 48 no. 1 (February 2005) - Vol. 49 no. 6 (December 2006)</subfield>
   <subfield code="b">Main run</subfield>
  </datafield>
  <datafield tag="951" ind1=" " ind2=" ">
   <subfield code="a">Vol. 50 no. 1 (February 2007) - Vol. 50 no. 6 (December 2007)</subfield>
   <subfield code="b">Main run</subfield>
  </datafield>
  <datafield tag="951" ind1=" " ind2=" ">
   <subfield code="a">Vol. 52 no. 1 (February 2009) - Vol. 52 no. 3 (June 2009)</subfield>
   <subfield code="b">Main run</subfield>
  </datafield>
  <datafield tag="951" ind1=" " ind2=" ">
   <subfield code="a">Vol. 52 no. 6 (December 2009) - Vol. 54 no. 6 (December 2011)</subfield>
   <subfield code="b">Main run</subfield>
  </datafield>
  <datafield tag="951" ind1=" " ind2=" ">
   <subfield code="a">Vol. 55 no. 1 (February 2012) - Vol. 55 no. 6 (December 2012)</subfield>
   <subfield code="b">Main run</subfield>
  </datafield>
 </record>
</collection>
